Tecnología y multinacionales

שמור ב:
מידע ביבליוגרפי
מחבר ראשי: Baranson, Jack
פורמט: Texto
יצא לאור: Buenos Aires: Tres Tiempos
תגים: הוספת תג
אין תגיות, היה/י הראשונ/ה לתייג את הרשומה!

MARC

LEADER 00000 a a2200000 04500
001 23852
003
040
090 |a 164300  
100 |a Baranson, Jack  
245 |a Tecnología y multinacionales  
260 |a Buenos Aires:   |b Tres Tiempos  
300 |a 223 p   |b **no definido**  
999 |c 6394  |d 6394